00470nam a2200133Ia 4500082001200000100001600012245006900028260006300097300001000160504002900170650003600199650004400235710005700279 aRS.0587 aSwami, R.K. 0aSocio-economic survey of the Jangam community in Sangli District c2001bIndian Council of Social Science Research, New Delhi a271p. aBibliography at the end. aJANGAMS - SOCIO-ECONOMIC STATUS aCOMMUNITY DEVELOPMENT - SANGLI DISTRICT aL.E.Society's G.A.College of Commerce, Sangli (M.S.)